BIBLIOTHÈQUE DE LA MAISON DU MEXIQUE

Logo 1 Logo 2

Olmecas y mayas en Tabasco (notice nᵒ 11422)

détails MARC
000 -Sello discográfico
campo de control de longitud fija 01026nam a2200313 4500
005 - Identificación de versión
campo de control 20251016083829.0
010 ## - Número Estándar Internacional de Libros (ISBN)
Número (ISBN) 968-889-002-2
035 ## - Otros números de control del sistema
Número de control del sistema 17282
099 ## - fechas locales
Tipo de ítem Koha LIBRO
100 ## - Datos de procesamiento general
Datos de procesamiento general 20040602d1985 m y1spay5003 ba
200 1# - Título y mención de responsabilidad
Título propio Olmecas y mayas en Tabasco
Designación general del material texto impreso
Otra información del título cinco acercamientos
Primer mención de responsabilidad Coordinación Lorenzo Ochoa
205 ## - Declaración de edición
Declaración de edición 1a reimpr
210 ## - Publicación, distribución, etc.
Lugar de publicación, distribución, etc. México
Nombre del editor, distribuidor, etc. Gobierno del Estado de Tabasco, Instituto de Cultura de Tabasco
Fecha de publicación, distribución, etc. 1986
215 ## - Descripción física
Designación de material específico y extensión del ítem 131 p
Otras características físicas il.
Dimensiones 22 cm
345 ## - Nota de información de adquisición
Fuente de adquisición/dirección de la suscripción [OBSOLETO] Donación
410 #1 - Series
Título Colección Arqueología, antropología e historia
Nombre de parte o sección Serie Arqueología
606 ## - Término temático usado como materia
Elemento de entrada Mayas
Subdivisión temática Vida social y costumbres
Número Koha 4453
606 ## - Término temático usado como materia
Elemento de entrada Olmecas (Indios)
Subdivisión temática Vida social y costumbres
Número Koha 8708
607 ## - Nombre geográfico utilizado como tema
Elemento de entrada Tabasco (México)
Subdivisión temática Descripción y viajes
Número Koha 18074
660 ## - Código de área geográfica
Código MX
676 ## - Clasificación Decimal Dewey
Número 970.3 O16o
702 ## - Nombre personal - Responsabilidad secundaria
Elemento de entrada Ochoa
Parte del nombre distinta del elemento de entrada Lorenzo
Fechas 1943-
Número Koha 4057
801 #0 - Fuente de origen
Agencia cm
900 ## -
-- 1/7514
900 ## -
-- 7100419279\020604
942 ## - ELEMENTOS DE ENTRADA SECUNDARIOS (KOHA)
Tipo de ítem Koha Livre

Pas d'exemplaire disponible.